Falsificaciones /

Guardado en:
Autor Principal: Denevi, Marco
Formato: Libro
Publicado: Buenos Aires : Corregidor, 2013
Materias:
Etiquetas: Agregar Etiqueta
Sin Etiquetas, Sea el primero en etiquetar este registro!
LEADER 01242nam a22002415a 4500
001 CEM.cems014250
005 20140325085010.0
008 130507s2013##################000#0#####d
003 CEMS
020 |a 9789500520454 
082 0 4 |a A868.4 
100 1 |a Denevi, Marco 
245 1 0 |a Falsificaciones /  |c Marco Denevi 
260 |a Buenos Aires :  |b Corregidor,  |c 2013 
300 |a 176 p. 
505 0 |a El maestro traicionado -- La reina virgen -- Etica de la Celestina -- Los fracasados -- Teoría sobre el pecado original -- La lección de la historia -- Versión bárbara de Tristán e Isolda -- Los militares persisten -- Un altruista -- Post cotum non omnia animal triste -- Gobernante y gobernados -- Fin de toda discusión teológica sobre Judas -- La contemporaneidad y la posteridad -- La vida rutinaria -- Los animales en el arca -- Polifemo & Cía -- Peligro de las excepciones -- El nunca correspondido amor de los fuertes por los débiles -- Biografía secreta de Nerón 
653 |a Literatura 
653 |a Literatura argentina 
653 |a Relatos 
653 |a Narrativa 
653 |a Narrativa argentina 
653 |a Ministerio de educación-colección literaria 
859 |a CEMS  |b BIB. CEMS - 11 de abril  |h A868.4  |i D413-1  |p 2100.14  |t Ej.1